Statistics for Countries with Biggest Muslim Population

Click here to take the quiz!

General Stats

  • This quiz has been taken 40 times
  • The average score is 10 of 10

Answer Stats

MillionAnswer% Correct
77,0Egypt
100%
209,1Indonesia
100%
73,6Iran
100%
176,2Pakistan
100%
34,7Algeria
95%
133,5Bangladesh
95%
167,4India
95%
71,3Turkey
92%
77,3Nigeria
89%
31,9Morocco
84%

Score Distribution

Percentile by Number Answered

Percent of People with Each Score

Your Score History

You have not taken this quiz